[Event "SportAccord Blitz Men 2013"]
[Site "Beijing CHN"]
[Date "2013.12.15"]
[Round "20.3"]
[White "Ponomariov, Ruslan"]
[Black "Le, Quang Liem"]
[Result "0-1"]
[WhiteTitle "GM"]
[BlackTitle "GM"]
[WhiteElo "2731"]
[BlackElo "2703"]
[WhiteFideId "14103320"]
[BlackFideId "12401137"]
[EventDate "2013.12.14"]

1. e4 e5 2. Nf3 Nc6 3. Bb5 Nf6 4. O-O Nxe4 5. d4 Nd6 6. Bxc6 dxc6 7. dxe5 Nf5 8.
Qxd8+ Kxd8 9. Nc3 Ke8 10. Ne2 b6 11. Rd1 Ba6 12. Nf4 Be7 13. g4 Nh4 14. Nxh4
Bxh4 15. Be3 Be7 16. Rd2 Rd8 17. Rad1 Rxd2 18. Rxd2 Bc8 19. h3 f6 20. Bd4 Kf7
21. exf6 gxf6 22. Bc3 Re8 23. Kg2 f5 24. Nd3 Bd6 25. f3 c5 26. Kf2 c4 27. Nc1
Bf4 28. Rd1 Be3+ 29. Kg2 h5 30. gxh5 Rg8+ 31. Kh2 Bf4+ 32. Kh1 Bb7 33. Rf1 Bxc1 0-1

[Event "SportAccord Blitz Men 2013"]
[Site "Beijing CHN"]
[Date "2013.12.15"]
[Round "20.4"]
[White "Vachier-Lagrave, Maxime"]
[Black "Grischuk, Alexander"]
[Result "1-0"]
[WhiteTitle "GM"]
[BlackTitle "GM"]
[WhiteElo "2745"]
[BlackElo "2783"]
[WhiteFideId "623539"]
[BlackFideId "4126025"]
[EventDate "2013.12.14"]

1. d4 Nf6 2. Nf3 d6 3. Nc3 g6 4. e4 Bg7 5. h3 a6 6. Bd3 Nc6 7. d5 Ne5 8. Nxe5
dxe5 9. O-O O-O 10. Qf3 e6 11. Be3 exd5 12. exd5 Ne8 13. Qe2 Nd6 14. f4 e4 15.
Nxe4 Nxe4 16. Bxe4 Re8 17. Bf3 Bd4 18. Bxd4 Rxe2 19. Bxe2 Qxd5 20. Rad1 Be6 21.
Bf3 Qf5 22. Bxb7 Rd8 23. c3 Rd6 24. b4 Bd5 25. Bxd5 Qxd5 26. Rd2 f6 27. f5 g5
28. Re2 Kf7 29. a4 h5 30. a5 Rd8 31. Rfe1 Qxf5 32. Rf1 Qd3 33. Rxf6+ Kg8 34.
Ree6 Rxd4 35. cxd4 Qxd4+ 36. Kh2 g4 37. hxg4 hxg4 38. Kg3 Qxb4 39. Rxa6 c5 40.
Rg6+ Kf7 41. Raf6+ Ke7 42. a6 Qc3+ 43. Kxg4 Qd4+ 44. Kh3 Qd7+ 45. Kh2 Qd4 46.
Kh3 Qd7+ 47. Re6+ Kf7 48. Kh2 Qd4 49. Rgf6+ Kg7 50. Kg3 c4 51. Rg6+ Kf7 52.
Ref6+ Ke7 53. a7 Qe5+ 54. Kh3 Qh5+ 55. Kg3 Qe5+ 56. Kg4 Qe4+ 57. Kh3 c3 58. Re6+ 1-0

[Event "SportAccord Blitz Men 2013"]
[Site "Beijing CHN"]
[Date "2013.12.15"]
[Round "20.5"]
[White "Giri, Anish"]
[Black "Nepomniachtchi, Ian"]
[Result "1/2-1/2"]
[WhiteTitle "GM"]
[BlackTitle "GM"]
[WhiteElo "2734"]
[BlackElo "2721"]
[WhiteFideId "24116068"]
[BlackFideId "4168119"]
[EventDate "2013.12.14"]

1. d4 g6 2. c4 Bg7 3. e4 Nc6 4. Nf3 d6 5. Be2 Bg4 6. Be3 Bxf3 7. Bxf3 e5 8. d5
Nd4 9. Bxd4 exd4 10. O-O Ne7 11. Nd2 O-O 12. Rb1 c6 13. Be2 f5 14. exf5 Nxf5 15.
dxc6 bxc6 16. b4 Kh8 17. Bd3 Rb8 18. Nf3 c5 19. bxc5 dxc5 20. Rxb8 Qxb8 21. Qc2
Nd6 22. Ng5 Qc8 23. Re1 Re8 24. Qd1 Bf6 25. Ne4 Nxe4 26. Rxe4 Rxe4 27. Bxe4 Kg7
28. g3 Qa6 29. Qb3 Qb6 30. Qc2 Qb4 31. Qe2 a5 32. h4 a4 33. Kg2 Qb6 34. Qg4 Qd6
35. Bd3 Qc6+ 36. Kh2 Be7 37. h5 Qf6 38. Kg2 a3 39. Qe4 Bf8 40. hxg6 hxg6 41. Qa8
Kh6 42. Qxa3 Qc6+ 43. Kg1 Qf3 44. Qc1+ Kg7 45. Qc2 Bd6 46. a4 g5 47. a5 Qc6 48.
Qa2 Qa6 49. Qa4 Kf6 50. Qd7 Be7 51. Qb5 Qxb5 52. cxb5 Bd8 53. b6 Ke5 54. Bc4 Ke4
55. b7 Bc7 56. a6 Bb8 57. Kf1 d3 58. f4 gxf4 59. gxf4 Kd4 60. Bxd3 Kxd3 61. f5
c4 62. f6 c3 63. f7 c2 64. f8=Q c1=Q+ 65. Kg2 Qg5+ 66. Kf1 Qc1+ 67. Kg2 Qd2+ 68.
Qf2 Qg5+ 69. Kf1 Qc1+ 70. Kg2 Qc6+ 71. Qf3+ Qxf3+ 72. Kxf3 1/2-1/2

[Event "SportAccord Blitz Men 2013"]
[Site "Beijing CHN"]
[Date "2013.12.15"]
[Round "20.6"]
[White "Dominguez Perez, Leinier"]
[Black "Mamedyarov, Shakhriyar"]
[Result "0-1"]
[WhiteTitle "GM"]
[BlackTitle "GM"]
[WhiteElo "2754"]
[BlackElo "2757"]
[WhiteFideId "3503240"]
[BlackFideId "13401319"]
[EventDate "2013.12.14"]

1. c4 e5 2. Nc3 Nf6 3. Nf3 Nc6 4. a3 d5 5. cxd5 Nxd5 6. Qc2 Be7 7. e3 O-O 8. Be2
a5 9. O-O Bg4 10. Ng5 Bxg5 11. Bxg4 Re8 12. Bf3 Nxc3 13. bxc3 Qe7 14. Rb1 e4 15.
Be2 Rab8 16. Rb5 Bf6 17. f3 exf3 18. Bxf3 Ne5 19. Be2 c6 20. Rb1 b5 21. a4 Nc4
22. axb5 cxb5 23. Qf5 Nd6 24. Qd5 Qc7 25. Ba3 Red8 26. Bxd6 Rxd6 27. Qa2 b4 28.
cxb4 axb4 29. Bc4 Rd7 30. d3 Qb6 31. Rf3 Re8 32. Qf2 Ree7 33. Kh1 Bg5 34. Ra1 g6
35. e4 Qxf2 36. Rxf2 Kg7 37. g3 Be3 38. Rff1 Bd4 39. Rab1 Bc3 40. Kg2 Rd4 41.
Rf2 Ra7 42. Rbf1 Rdd7 43. Bb3 Bd4 44. Rf3 f6 45. Bc4 Ra3 46. Rb1 Bc3 47. Rf2
Rda7 48. g4 Ra1 49. Rff1 Rxb1 50. Rxb1 Kf8 51. h4 Ke7 52. Kf3 Kd6 53. g5 fxg5
54. hxg5 Kc5 55. Kf4 Bd2+ 56. Kg4 Kd4 57. Rf1 Rb7 58. Bd5 Rb8 59. Rb1 Kxd3 60.
Kf3 Kc2 61. Ra1 b3 62. Ra7 b2 0-1

[Event "SportAccord Blitz Men 2013"]
[Site "Beijing CHN"]
[Date "2013.12.15"]
[Round "20.7"]
[White "Radjabov, Teimour"]
[Black "Wang, Yue"]
[Result "1-0"]
[WhiteTitle "GM"]
[BlackTitle "GM"]
[WhiteElo "2713"]
[BlackElo "2723"]
[WhiteFideId "13400924"]
[BlackFideId "8601429"]
[EventDate "2013.12.14"]

1. d4 Nf6 2. Nf3 e6 3. Bg5 h6 4. Bh4 c5 5. e3 b6 6. c3 Bb7 7. Nbd2 d6 8. Bb5+
Nbd7 9. Bxf6 gxf6 10. O-O a6 11. Bd3 f5 12. e4 fxe4 13. Bxe4 Bxe4 14. Nxe4 d5
15. Ned2 Bg7 16. Re1 O-O 17. Nf1 Qf6 18. Ng3 Qg6 19. Re3 cxd4 20. Nxd4 Nf6 21.
Nc6 Rae8 22. Ne5 Qg5 23. Qa4 b5 24. Qxa6 h5 25. Nf3 Qf4 26. Qxb5 Rb8 27. Qe2 h4
28. Nf1 Ne4 29. Nd4 Rb7 30. Nb3 f5 31. f3 Ng5 32. Nc5 h3 33. Nxb7 hxg2 34. Qxg2
Kh7 35. Qg3 1-0

[Event "SportAccord Blitz Men 2013"]
[Site "Beijing CHN"]
[Date "2013.12.15"]
[Round "20.8"]
[White "Karjakin, Sergey"]
[Black "Ivanchuk, Vassily"]
[Result "1/2-1/2"]
[WhiteTitle "GM"]
[BlackTitle "GM"]
[WhiteElo "2756"]
[BlackElo "2731"]
[WhiteFideId "14109603"]
[BlackFideId "14100010"]
[EventDate "2013.12.14"]

1. e4 e5 2. Nf3 Nc6 3. Bb5 Nf6 4. d3 d6 5. O-O Bd7 6. Re1 g6 7. d4 Qe7 8. d5 Nb8
9. Bxd7+ Nbxd7 10. c4 a5 11. Nc3 Nc5 12. b3 Bg7 13. a3 O-O 14. Rb1 Qd7 15. Qc2
Rfc8 16. Be3 Ng4 17. Bd2 Bh6 18. Bxh6 Nxh6 19. b4 axb4 20. axb4 Na4 21. Ne2 c6
22. Qd2 Kg7 23. dxc6 Qxc6 24. Ng3 f6 25. Rec1 Nf7 26. Qd3 Nb6 27. Nd2 Ng5 28.
Ne2 Ne6 29. g3 Qd7 30. h4 Rc6 31. Nc3 Nd4 32. Nd5 Nxd5 33. exd5 Rca6 34. Kg2 Ra2
35. Nf3 R8a3 36. Rc3 Rxc3 37. Qxc3 Qf5 38. Rd1 Qg4 39. Re1 Rc2 40. Qd3 Nxf3 41.
Qxf3 Qxf3+ 42. Kxf3 Rxc4 43. b5 Rc5 44. b6 Rb5 45. Rc1 Rxb6 46. Rc7+ Kh6 47. Rd7
f5 48. Ke3 g5 49. hxg5+ Kxg5 50. Rxh7 Rb3+ 51. Ke2 e4 52. Rd7 Rb6 53. Ke3 Rb3+
54. Ke2 Rb6 55. Ke3 Ra6 56. Rxb7 Ra3+ 57. Ke2 Rd3 58. Rb5 Kf6 59. Ra5 Ke5 60.
Ra8 Rxd5 61. Re8+ Kd4 62. Re6 Kc5 63. Rf6 Re5 64. Ke3 d5 65. Kf4 Kd4 66. Rxf5
Rxf5+ 67. Kxf5 e3 68. fxe3+ Kxe3 69. g4 d4 70. g5 d3 71. g6 d2 72. g7 d1=Q 73.
g8=Q Qf3+ 74. Kg6 Qg4+ 75. Kf7 Qxg8+ 76. Kxg8 1/2-1/2

[Event "SportAccord Blitz Men 2013"]
[Site "Beijing CHN"]
[Date "2013.12.16"]
[Round "21.1"]
[White "Karjakin, Sergey"]
[Black "Aronian, Levon"]
[Result "1/2-1/2"]
[WhiteTitle "GM"]
[BlackTitle "GM"]
[WhiteElo "2756"]
[BlackElo "2803"]
[WhiteFideId "14109603"]
[BlackFideId "13300474"]
[EventDate "2013.12.14"]

1. e4 e5 2. Nf3 Nc6 3. Bb5 a6 4. Ba4 Nf6 5. O-O Be7 6. d3 d6 7. c3 O-O 8. Re1 b5
9. Bc2 d5 10. Nbd2 d4 11. a4 Bg4 12. h3 Bh5 13. g4 Bg6 14. Nf1 Nd7 15. Ng3 dxc3
16. bxc3 b4 17. Bb2 Rb8 18. Bb3 Na5 19. Bc2 b3 20. Bb1 c5 21. Nf5 Re8 22. c4
Bxf5 23. exf5 Bf6 24. Re4 Nb7 25. Ra3 Nd6 26. Rxb3 Nxe4 27. dxe4 Nb6 28. Rd3 Qe7
29. a5 Nxc4 30. Bc3 Nb2 31. Bxb2 Rxb2 32. Bc2 Rd8 33. Qc1 Rxd3 34. Bxd3 Rb3 35.
Qc4 Ra3 36. Qxa6 h6 37. Kg2 Qd8 38. Bc4 Rxa5 39. Qb7 Qf8 40. h4 Ra3 41. g5 Rxf3
42. Kxf3 hxg5 43. h5 Qe7 44. Qa8+ Qf8 45. Qd5 Qe7 46. Kg4 Qf8 47. f3 Qe7 48. Qc6
Qd8 49. Qb7 Qe7 50. Qc8+ Qf8 51. Qd7 1/2-1/2

[Event "SportAccord Blitz Men 2013"]
[Site "Beijing CHN"]
[Date "2013.12.16"]
[Round "21.3"]
[White "Wang, Yue"]
[Black "Dominguez Perez, Leinier"]
[Result "0-1"]
[WhiteTitle "GM"]
[BlackTitle "GM"]
[WhiteElo "2723"]
[BlackElo "2754"]
[WhiteFideId "8601429"]
[BlackFideId "3503240"]
[EventDate "2013.12.14"]

1. c4 g6 2. g3 c5 3. Bg2 Bg7 4. Nc3 Nc6 5. Nf3 d6 6. O-O e6 7. b3 Nge7 8. Bb2
O-O 9. e3 e5 10. d3 Rb8 11. Nd2 Be6 12. Nd5 Qd7 13. Qe2 Bh3 14. Ne4 Nxd5 15.
cxd5 Ne7 16. Bxh3 Qxh3 17. Nxd6 Qd7 18. Nc4 Qxd5 19. Rad1 Nc6 20. a3 Rbd8 21.
Qc2 Qe6 22. Nd2 b6 23. Qc4 Rfe8 24. Qxe6 Rxe6 25. Nc4 b5 26. Nd2 Rxd3 27. Ne4
Rxb3 28. Nxc5 Rxb2 29. Nxe6 fxe6 30. Rc1 Ne7 31. e4 Bf6 32. Rfd1 Rb3 33. Rc7
Rxa3 34. Rb7 a6 35. Rd6 Kf7 36. Ra7 a5 37. Rda6 a4 38. Rb7 Rb3 39. Rab6 a3 40.
Kg2 Rb2 41. h4 h5 42. Ra6 b4 43. Ra4 a2 44. Raa7 b3 45. Kh3 Rb1 0-1

[Event "SportAccord Blitz Men 2013"]
[Site "Beijing CHN"]
[Date "2013.12.16"]
[Round "21.4"]
[White "Mamedyarov, Shakhriyar"]
[Black "Giri, Anish"]
[Result "0-1"]
[WhiteTitle "GM"]
[BlackTitle "GM"]
[WhiteElo "2757"]
[BlackElo "2734"]
[WhiteFideId "13401319"]
[BlackFideId "24116068"]
[EventDate "2013.12.14"]

1. Nf3 g6 2. e4 c5 3. c3 d5 4. exd5 Qxd5 5. d4 Bg7 6. Na3 cxd4 7. Nb5 Na6 8.
Nbxd4 Nf6 9. Bb5+ Bd7 10. Qe2 Bxb5 11. Qxb5+ Qxb5 12. Nxb5 O-O 13. Be3 b6 14.
Rd1 e6 15. O-O Nd5 16. Bd4 Nc5 17. g3 Bxd4 18. Rxd4 a6 19. Na3 b5 20. Rfd1 Rab8
21. c4 bxc4 22. Nxc4 a5 23. Nfe5 a4 24. R1d2 Rb7 25. h4 h5 26. Rc2 Nb4 27. Re2
Nxa2 28. Nd6 Rb4 29. Red2 Kg7 30. Rxb4 Nxb4 31. Rd4 Nba6 32. Ne4 Rb8 33. Nxc5
Nxc5 34. Rc4 Rb5 35. Nc6 Nd3 36. Rxa4 Rxb2 37. f4 Rc2 38. Nd8 Rc7 39. Ra6 Nb4
40. Rxe6 Rc1+ 0-1

[Event "SportAccord Blitz Men 2013"]
[Site "Beijing CHN"]
[Date "2013.12.16"]
[Round "21.5"]
[White "Nepomniachtchi, Ian"]
[Black "Vachier-Lagrave, Maxime"]
[Result "0-1"]
[WhiteTitle "GM"]
[BlackTitle "GM"]
[WhiteElo "2721"]
[BlackElo "2745"]
[WhiteFideId "4168119"]
[BlackFideId "623539"]
[EventDate "2013.12.14"]

1. e4 c5 2. Nf3 Nc6 3. Bb5 d6 4. O-O Bd7 5. Re1 Nf6 6. c3 a6 7. Bf1 Bg4 8. h3
Bxf3 9. Qxf3 g6 10. Qd1 Bh6 11. b3 O-O 12. Bb2 Rc8 13. Na3 Qc7 14. Nc2 d5 15.
exd5 Nxd5 16. c4 Nf4 17. d4 cxd4 18. Nxd4 Rcd8 19. Nxc6 Qxc6 20. Qg4 Ne6 21.
Rad1 Bg7 22. Ba3 Bf6 23. Bd3 Rd4 24. Be4 Qc7 25. Rxd4 Nxd4 26. Bb4 Rd8 27. Bb1
a5 28. Bc3 b6 29. Rd1 h5 30. Qe4 Ne2+ 31. Qxe2 Rxd1+ 32. Qxd1 Bxc3 33. Qd3 Bf6
34. Qe3 Kg7 35. Be4 e6 36. Bf3 Qd6 37. Be2 Bd4 38. Qe4 Qc5 39. Qf3 Qa3 40. Qd3
Qb2 41. h4 e5 42. a4 Qc1+ 43. Bf1 Qf4 44. Qf3 Qxh4 45. c5 bxc5 46. Bc4 Qf6 47.
Qe2 Qf4 48. Qc2 h4 49. Bd5 f5 50. Qe2 e4 51. Bc4 h3 52. gxh3 Qg3+ 53. Kf1 Qxh3+
54. Ke1 Qc3+ 55. Kf1 Qh3+ 56. Ke1 Qh1+ 57. Qf1 Bc3+ 58. Kd1 Qxf1+ 59. Bxf1 Bd4
60. Ke2 Kf6 61. f3 exf3+ 62. Kxf3 g5 63. Be2 g4+ 64. Kg2 0-1

[Event "SportAccord Blitz Men 2013"]
[Site "Beijing CHN"]
[Date "2013.12.16"]
[Round "21.6"]
[White "Grischuk, Alexander"]
[Black "Ponomariov, Ruslan"]
[Result "1/2-1/2"]
[WhiteTitle "GM"]
[BlackTitle "GM"]
[WhiteElo "2783"]
[BlackElo "2731"]
[WhiteFideId "4126025"]
[BlackFideId "14103320"]
[EventDate "2013.12.14"]

1. Nf3 f5 2. d3 d6 3. e4 e5 4. Nc3 Nf6 5. exf5 Bxf5 6. d4 e4 7. Nh4 Bg4 8. Be2
Bxe2 9. Qxe2 d5 10. Bg5 Bb4 11. O-O O-O 12. Nf5 Nc6 13. Rad1 Qd7 14. Ne3 Ne7 15.
Bxf6 Rxf6 16. Nxe4 Ra6 17. Ng5 h6 18. Nf3 Rxa2 19. Ne5 Qe6 20. f4 Rf8 21. Qd3
Rxb2 22. f5 Qd6 23. N3g4 h5 24. f6 hxg4 25. fxe7 Rxf1+ 26. Rxf1 Qxe7 27. Qf5 Bd6
28. Qc8+ Kh7 29. Qf5+ Kg8 30. Nxg4 Qe4 31. Qf7+ Kh8 32. Qh5+ Kg8 33. Qf7+ Kh8
34. Qh5+ Kg8 35. Qf7+ Kh8 36. Qh5+ Kg8 1/2-1/2

[Event "SportAccord Blitz Men 2013"]
[Site "Beijing CHN"]
[Date "2013.12.16"]
[Round "21.8"]
[White "Kamsky, Gata"]
[Black "Leko, Peter"]
[Result "1/2-1/2"]
[WhiteTitle "GM"]
[BlackTitle "GM"]
[WhiteElo "2721"]
[BlackElo "2730"]
[WhiteFideId "2000024"]
[BlackFideId "703303"]
[EventDate "2013.12.14"]

1. d4 d5 2. Bf4 Nf6 3. e3 c6 4. c4 Bf5 5. Nc3 e6 6. Qb3 Qc8 7. h3 Be7 8. Nf3 h6
9. Be2 O-O 10. O-O Nbd7 11. Rfc1 dxc4 12. Bxc4 b5 13. Bf1 a6 14. a4 b4 15. Nb1
c5 16. Nbd2 Qb7 17. Nc4 Be4 18. Bd6 Rfe8 19. Bxe7 Rxe7 20. Nd6 Qb6 21. Nxe4 Nxe4
22. Qc2 Qc6 23. Bd3 Ndf6 24. dxc5 Rc7 25. Nd4 Qd5 26. c6 e5 27. Nf5 Nd6 28. Qc5
Qxc5 29. Rxc5 Nxf5 30. Bxf5 e4 31. h4 g6 32. Bh3 Kf8 33. Rd1 a5 34. g3 Ra6 35.
Rdc1 Ke7 36. Bf1 Ra8 37. Rd1 h5 38. Re5+ Kf8 39. Bb5 Re8 40. Rc5 Ke7 41. Ba6 Ra8
42. Rxa5 Kf8 43. Rc1 Ne8 44. Rcc5 Rca7 45. Kf1 Rxa6 46. Rxa6 Rxa6 47. c7 Nxc7
48. Rxc7 Rxa4 49. Rc4 f5 50. Ke2 Kf7 51. Kd2 Kf6 52. Kc2 Ra1 53. Kb3 Rf1 54. Rc2
g5 55. hxg5+ Kxg5 56. Kxb4 Kg4 57. Kc5 Kf3 58. b4 Rxf2 59. Rxf2+ Kxf2 60. b5 f4
61. gxf4 h4 62. b6 h3 63. b7 h2 64. b8=Q h1=Q 65. Kd4 Kf3 66. Qb3 Qh8+ 67. Kc5
Qc8+ 68. Kd6 Qa6+ 69. Ke5 Qa5+ 70. Kf6 Qa6+ 71. Kg5 Qd3 72. Qb6 Qxe3 73. Qxe3+
Kxe3 74. f5 Kd2 75. f6 e3 76. f7 e2 77. f8=Q 1/2-1/2

[Event "SportAccord Blitz Men 2013"]
[Site "Beijing CHN"]
[Date "2013.12.16"]
[Round "22.1"]
[White "Aronian, Levon"]
[Black "Kamsky, Gata"]
[Result "1-0"]
[WhiteTitle "GM"]
[BlackTitle "GM"]
[WhiteElo "2803"]
[BlackElo "2721"]
[WhiteFideId "13300474"]
[BlackFideId "2000024"]
[EventDate "2013.12.14"]

1. c4 c6 2. Nf3 Nf6 3. Nc3 d5 4. e3 g6 5. d4 Bg7 6. h3 O-O 7. Bd3 Be6 8. Ng5 Bd7
9. O-O h6 10. Nf3 Be6 11. b3 Nbd7 12. Rb1 a6 13. a4 a5 14. Ba3 Re8 15. cxd5 Nxd5
16. Nxd5 Bxd5 17. e4 Be6 18. Re1 Nf6 19. Bc4 Qc8 20. d5 cxd5 21. exd5 Bf5 22.
Rc1 Qd8 23. Ne5 Ne4 24. Nxf7 Kxf7 25. g4 Qb6 26. Qe2 Bd4 27. gxf5 gxf5 28. d6+
e6 29. Qh5+ Kg7 30. Rxe4 fxe4 31. Rd1 Rf8 32. Kh1 Bxf2 33. Bb2+ Kh7 34. Bxe6 1-0

[Event "SportAccord Blitz Men 2013"]
[Site "Beijing CHN"]
[Date "2013.12.16"]
[Round "22.2"]
[White "Leko, Peter"]
[Black "Le, Quang Liem"]
[Result "0-1"]
[WhiteTitle "GM"]
[BlackTitle "GM"]
[WhiteElo "2730"]
[BlackElo "2703"]
[WhiteFideId "703303"]
[BlackFideId "12401137"]
[EventDate "2013.12.14"]

1. e4 e5 2. Nf3 Nc6 3. Bb5 Nf6 4. O-O Nxe4 5. Re1 Nd6 6. Nxe5 Be7 7. Bf1 Nxe5 8.
Rxe5 O-O 9. Nc3 Bf6 10. Re1 c6 11. d4 Re8 12. Rxe8+ Nxe8 13. d5 d6 14. Ne4 Be5
15. Ng5 h6 16. Nf3 Bf6 17. c3 Nc7 18. dxc6 bxc6 19. Bf4 d5 20. Be5 Bg4 21. Bg3
Ne6 22. h3 Bh5 23. Be2 Qb6 24. Qb3 Nc5 25. Qxb6 axb6 26. a3 Na4 27. Ra2 Re8 28.
Kf1 b5 29. Nd4 Bxe2+ 30. Nxe2 c5 31. Bf4 d4 32. cxd4 cxd4 33. Bd2 d3 34. Nc3
Bxc3 35. Bxc3 Re2 36. Bd4 f6 37. g4 Kf7 38. Ra1 Nxb2 39. Rb1 Nc4 40. Rxb5 Rc2
41. Be3 Nxe3+ 0-1

[Event "SportAccord Blitz Men 2013"]
[Site "Beijing CHN"]
[Date "2013.12.16"]
[Round "22.3"]
[White "Wang, Hao"]
[Black "Grischuk, Alexander"]
[Result "1-0"]
[WhiteTitle "GM"]
[BlackTitle "GM"]
[WhiteElo "2735"]
[BlackElo "2783"]
[WhiteFideId "8602883"]
[BlackFideId "4126025"]
[EventDate "2013.12.14"]

1. d4 Nf6 2. c4 g6 3. Nf3 Bg7 4. g3 O-O 5. Bg2 d6 6. O-O Nc6 7. Nc3 a6 8. Bf4
Rb8 9. Rc1 h6 10. h3 Re8 11. b3 g5 12. Bd2 e5 13. d5 Nd4 14. Ne1 e4 15. Bxg5
Nxe2+ 16. Nxe2 hxg5 17. Nc2 Bf5 18. Ne3 Bg6 19. Nd4 Re5 20. b4 Qd7 21. Qb3 c5
22. dxc6 bxc6 23. Qa4 Rc8 24. Qxa6 c5 25. bxc5 dxc5 26. Nb5 Re6 27. Qa3 Qc6 28.
Rfd1 Ra8 29. Qb3 Ree8 30. Rd6 Qb7 31. Rcd1 Qe7 32. a4 Ra5 33. Rb6 Qe5 34. Rb7
Bh5 35. g4 Bg6 36. Bf1 Rea8 37. Nc7 Rc8 38. Ncd5 Nxd5 39. Nxd5 Re8 40. Rb5 Raa8
41. a5 e3 42. Qxe3 Qd6 43. Qxg5 Re5 44. Qd2 Re4 45. Rb6 Qe5 46. a6 Rd4 47. Qe1
Rxd1 48. Qxd1 Be4 49. Bg2 Bxg2 50. Kxg2 Rd8 51. Qf3 Qa1 52. Rb7 Rf8 53. a7 1-0

[Event "SportAccord Blitz Men 2013"]
[Site "Beijing CHN"]
[Date "2013.12.16"]
[Round "22.4"]
[White "Ponomariov, Ruslan"]
[Black "Nepomniachtchi, Ian"]
[Result "1-0"]
[WhiteTitle "GM"]
[BlackTitle "GM"]
[WhiteElo "2731"]
[BlackElo "2721"]
[WhiteFideId "14103320"]
[BlackFideId "4168119"]
[EventDate "2013.12.14"]

1. e4 g6 2. d4 Nf6 3. Nc3 d5 4. e5 Nh5 5. Be2 Ng7 6. f4 h5 7. Be3 b6 8. Nf3 c6
9. Bf2 Ba6 10. h3 Qd7 11. Qd2 Ne6 12. O-O-O Bh6 13. Be3 Bxe2 14. Nxe2 Ng7 15.
Rdg1 h4 16. Bf2 Nf5 17. Nxh4 Nxh4 18. Bxh4 Na6 19. Bf2 O-O-O 20. g4 Kb7 21. h4
Rdg8 22. Be3 Nc7 23. Kb1 f5 24. g5 Bf8 25. Ng3 e6 26. h5 c5 27. hxg6 Rxh1 28.
Rxh1 Rxg6 29. Qh2 Qb5 30. Qh8 cxd4 31. Bxd4 Qe8 32. Nh5 Qa4 33. c3 Bc5 34. Qh7
Bxd4 35. cxd4 Qxd4 36. Rc1 Qd3+ 37. Ka1 Ka6 38. Qxc7 Qe2 39. Nf6 Qd2 40. a3 Qxf4
41. Nd7 Rxg5 42. Nb8+ Kb5 43. Qc6+ Ka5 44. b4+ 1-0

[Event "SportAccord Blitz Men 2013"]
[Site "Beijing CHN"]
[Date "2013.12.16"]
[Round "22.5"]
[White "Vachier-Lagrave, Maxime"]
[Black "Mamedyarov, Shakhriyar"]
[Result "1/2-1/2"]
[WhiteTitle "GM"]
[BlackTitle "GM"]
[WhiteElo "2745"]
[BlackElo "2757"]
[WhiteFideId "623539"]
[BlackFideId "13401319"]
[EventDate "2013.12.14"]

1. e4 c6 2. d4 d5 3. e5 Bf5 4. Nf3 e6 5. Be2 Ne7 6. O-O Bg6 7. a4 Nf5 8. a5 Nd7
9. c4 a6 10. Nc3 Rc8 11. h3 Be7 12. Qb3 Rc7 13. Bf4 h6 14. Rfd1 Bh7 15. Rac1 g5
16. Bh2 h5 17. cxd5 cxd5 18. Nxd5 Rxc1 19. Rxc1 exd5 20. Qxb7 Qxa5 21. g4 hxg4
22. hxg4 Nh4 23. Nxh4 gxh4 24. Bf4 Bd8 25. b4 Qa2 26. Bf3 Rg8 27. e6 fxe6 28.
Qc6 Bf5 29. Re1 Be7 30. Qc8+ Bd8 31. Qc6 Be7 32. Qc8+ Bd8 1/2-1/2

[Event "SportAccord Blitz Men 2013"]
[Site "Beijing CHN"]
[Date "2013.12.16"]
[Round "22.6"]
[White "Giri, Anish"]
[Black "Wang, Yue"]
[Result "1/2-1/2"]
[WhiteTitle "GM"]
[BlackTitle "GM"]
[WhiteElo "2734"]
[BlackElo "2723"]
[WhiteFideId "24116068"]
[BlackFideId "8601429"]
[EventDate "2013.12.14"]

1. d4 Nf6 2. c4 e6 3. Nf3 d5 4. g3 dxc4 5. Bg2 c5 6. O-O Nc6 7. dxc5 Qxd1 8.
Rxd1 Bxc5 9. Nbd2 c3 10. bxc3 O-O 11. Nb3 Be7 12. c4 Bd7 13. Bb2 Rfd8 14. Nfd4
Rac8 15. Rac1 Be8 16. c5 Nxd4 17. Bxd4 Bc6 18. Bxc6 Rxc6 19. Bxf6 Rxd1+ 20. Rxd1
gxf6 21. Rd7 Bxc5 22. Nxc5 Rxc5 23. Rxb7 Ra5 24. Rb2 Kg7 25. Kg2 f5 26. Rc2 Kf6
27. Rb2 Ra3 28. e3 Kg6 29. Kf3 Ra4 30. Rc2 e5 31. h4 f6 32. Rd2 Ra3 33. Rc2 Ra4
34. Rd2 Ra3 35. Rc2 Ra4 1/2-1/2

[Event "SportAccord Blitz Men 2013"]
[Site "Beijing CHN"]
[Date "2013.12.16"]
[Round "22.7"]
[White "Dominguez Perez, Leinier"]
[Black "Ivanchuk, Vassily"]
[Result "1/2-1/2"]
[WhiteTitle "GM"]
[BlackTitle "GM"]
[WhiteElo "2754"]
[BlackElo "2731"]
[WhiteFideId "3503240"]
[BlackFideId "14100010"]
[EventDate "2013.12.14"]

1. e4 e5 2. Nf3 Nc6 3. Bb5 Nf6 4. O-O Nxe4 5. d4 Be7 6. Qe2 Nd6 7. Bxc6 bxc6 8.
dxe5 Nf5 9. Nc3 O-O 10. Bf4 d5 11. exd6 cxd6 12. Rad1 d5 13. Rfe1 Bb4 14. Ne5
Qf6 15. a3 Ba5 16. b4 Bb6 17. Qd2 h6 18. Na4 Nh4 19. Bg3 Nf5 20. Bf4 Nh4 21. Bg3
Nf5 22. Bf4 Nh4 23. Bg3 1/2-1/2

[Event "SportAccord Blitz Men 2013"]
[Site "Beijing CHN"]
[Date "2013.12.16"]
[Round "22.8"]
[White "Radjabov, Teimour"]
[Black "Karjakin, Sergey"]
[Result "0-1"]
[WhiteTitle "GM"]
[BlackTitle "GM"]
[WhiteElo "2713"]
[BlackElo "2756"]
[WhiteFideId "13400924"]
[BlackFideId "14109603"]
[EventDate "2013.12.14"]

1. d4 Nf6 2. c4 e6 3. Nf3 b6 4. a3 Bb7 5. Nc3 d5 6. cxd5 Nxd5 7. e3 g6 8. Bb5+
c6 9. Bd3 Bg7 10. Nxd5 exd5 11. O-O O-O 12. b4 Nd7 13. Bd2 Nf6 14. a4 Ne4 15.
Rb1 Qe7 16. Qc2 Rfe8 17. Rfc1 Rac8 18. Be1 Rc7 19. a5 Nd6 20. axb6 axb6 21. b5
c5 22. dxc5 bxc5 23. Qd1 Ra8 24. h3 h5 25. Bf1 Ne4 26. b6 Rcc8 27. Bd3 Rc6 28.
Bf1 Rd8 29. Qa4 g5 30. Nh2 Rg6 31. Qd1 g4 32. hxg4 hxg4 33. Nxg4 d4 34. exd4
Bxd4 35. Qe2 Qh4 36. Ne3 Re8 37. Nf5 Qf4 38. Nxd4 cxd4 39. f3 d3 40. Qxd3 Ng5
41. Kf2 Nh3+ 0-1